Les participants aux croisades - Statistiques

Statistiques générales
  • Ce quiz a été pris 109 fois
  • Le résultat moyen est 86 sur 207
Statistiques - réponses
CROISADE INDICE CROISES & ALLIES % Correct
PREMIERE 1096-1099 F Royaume de {France}
79%
DEUXIEME 1146-1149 F Royaume de {France}
79%
TROISIEME 1189-1192 F Royaume de {France}
79%
QUATRIEME 1202-1204 F Royaume de {France}
79%
CINQUIEME 1217-1221 F Royaume de {France}
79%
SEPTIEME 1248-1254 F Royaume de {France}
79%
HUITIEME 1270 F Royaume de {France}
79%
PREMIERE 1096-1099 A Royaume d'{Angleterre}
77%
DEUXIEME 1146-1149 A Royaume d'{Angleterre}
77%
TROISIEME 1189-1192 A Royaume d'{Angleterre}
77%
CINQUIEME 1217-1221 A Royaume d'{Angleterre}
77%
SIXIEME 1228-1229 A Royaume d'{Angleterre}
77%
NEUVIEME 1271-1272 A Royaume d'{Angleterre}
77%
QUATRIEME 1202-1204 V République de {Venise}
71%
PREMIERE 1096-1099 B Duché de {Bourgogne}
68%
DEUXIEME 1146-1149 B Duché de {Bourgogne}
68%
TROISIEME 1189-1192 B Duché de {Bourgogne}
68%
QUATRIEME 1202-1204 B Duché de {Bourgogne}
68%
CINQUIEME 1217-1221 B Duché de {Bourgogne}
68%
SEPTIEME 1248-1254 B Duché de {Bourgogne}
68%
HUITIEME 1270 B Duché de {Bourgogne}
68%
DEUXIEME 1146-1149 G Saint Empire Romain {Germanique}
68%
TROISIEME 1189-1192 G Saint Empire Romain {Germanique}
68%
QUATRIEME 1202-1204 G Saint Empire Romain {Germanique}
68%
CINQUIEME 1217-1221 G Saint Empire Romain {Germanique}
68%
SIXIEME 1228-1229 G Saint Empire Romain {Germanique}
68%
DEUXIEME 1146-1149 J Royaume de {Jérusalem}
67%
TROISIEME 1189-1192 J Royaume de {Jérusalem}
67%
CINQUIEME 1217-1221 J Royaume de {Jérusalem}
67%
SIXIEME 1228-1229 J Royaume de {Jérusalem}
67%
SEPTIEME 1248-1254 J Royaume de {Jérusalem}
67%
NEUVIEME 1271-1272 J Royaume de {Jérusalem}
67%
PREMIERE 1096-1099 N Duché de { Normandie}
66%
DEUXIEME 1146-1149 N Duché de {Normandie}
66%
TROISIEME 1189-1192 N Duché de {Normandie}
66%
PREMIERE 1096-1099 F Comté de {Flandre}
63%
DEUXIEME 1146-1149 F Comté de {Flandre}
63%
TROISIEME 1189-1192 F Comté de {Flandre}
63%
QUATRIEME 1202-1204 F Comté de {Flandre}
63%
CINQUIEME 1217-1221 F Comté de {Flandre}
63%
SEPTIEME 1248-1254 F Comté de {Flandre}
63%
HUITIEME 1270 F Comté de {Flandre}
63%
PREMIERE 1096-1099 B Duché de {Bretagne}
63%
DEUXIEME 1146-1149 B Duché de {Bretagne}
63%
TROISIEME 1189-1192 B Duché de {Bretagne}
63%
SEPTIEME 1248-1254 B Duché de {Bretagne}
63%
HUITIEME 1270 B Duché de {Bretagne}
63%
NEUVIEME 1271-1272 B Duché de {Bretagne}
63%
DEUXIEME 1146-1149 A Principauté d'{Antioche}
59%
CINQUIEME 1217-1221 A Principauté d'{Antioche}
59%
SIXIEME 1228-1229 A Principauté d'{Antioche}
59%
NEUVIEME 1271-1272 A Principauté d'{Antioche}
59%
PREMIERE 1096-1099 B Empire {Byzantin}
58%
DEUXIEME 1146-1149 B Empire {Byzantin}
58%
PREMIERE 1096-1099 A Comté d'{Anjou}
56%
DEUXIEME 1146-1149 A Comte d'{Anjou}
56%
TROISIEME 1189-1192 A Comté d'{Anjou}
56%
SEPTIEME 1248-1254 A Comté d'{Anjou}
56%
HUITIEME 1270 A Comté d'{Anjou}
56%
PREMIERE 1096-1099 S Comté de {Sicile}
56%
PREMIERE 1096-1099 T Comté de {Toulouse}
56%
DEUXIEME 1146-1149 T Comté de {Toulouse}
56%
SEPTIEME 1248-1254 T Comté de {Toulouse}
56%
DEUXIEME 1146-1149 T Ordre du {Temple}
56%
TROISIEME 1189-1192 T Ordre du {Temple}
56%
CINQUIEME 1217-1221 T Ordre du {Temple}
56%
SIXIEME 1228-1229 T Ordre du {Temple}
56%
SEPTIEME 1248-1254 T Ordre du {Temple}
56%
NEUVIEME 1271-1272 T Ordre du {Temple}
56%
DEUXIEME 1146-1149 S Royaume de {Sicile}
56%
TROISIEME 1189-1192 S Royaume de {Sicile}
56%
CINQUIEME 1217-1221 S Royaume de {Sicile}
56%
SIXIEME 1228-1229 S Royaume de {Sicile}
56%
HUITIEME 1270 S Royaume de {Sicile}
56%
NEUVIEME 1271-1272 S Royaume de {Sicile}
56%
DEUXIEME 1146-1149 A Comté d'{Aquitaine}
55%
TROISIEME 1189-1192 A Duché d'{Aquitaine}
55%
PREMIERE 1096-1099 G République de {Gênes}
53%
TROISIEME 1189-1192 G République de {Gênes}
53%
CINQUIEME 1217-1221 G République de {Gênes}
53%
DEUXIEME 1146-1149 P Comté de {Provence}
51%
SEPTIEME 1248-1254 P Comté de {Provence}
51%
PREMIERE 1096-1099 P Marquisat de {Provence}
51%
SEPTIEME 1248-1254 P Marquisat de {Provence}
51%
DEUXIEME 1146-1149 C Royaume de {Castille}
51%
TROISIEME 1189-1192 H Royaume de {Hongrie}
51%
CINQUIEME 1217-1221 H Royaume de {Hongrie}
51%
DEUXIEME 1146-1149 B Duché de {Bavière}
49%
CINQUIEME 1217-1221 B Duché de {Bavière}
49%
DEUXIEME 1146-1149 T Comté de {Tripoli}
48%
TROISIEME 1189-1192 T Comté de {Tripoli}
48%
CINQUIEME 1217-1221 T Comté de {Tripoli}
48%
NEUVIEME 1271-1272 T Comté de {Tripoli}
48%
DEUXIEME 1146-1149 P Comté de {Portugal}
47%
PREMIERE 1096-1099 C Comté de {Champagne}
45%
DEUXIEME 1146-1149 C Comté de {Champagne}
45%
TROISIEME 1189-1192 C Comté de {Champagne}
45%
QUATRIEME 1202-1204 C Comté de {Champagne}
45%
SEPTIEME 1248-1254 C Comté de {Champagne}
45%
HUITIEME 1270 C Comté de {Champagne}
45%
TROISIEME 1189-1192 A Duché d'{Autriche}
45%
CINQUIEME 1217-1221 A Duché d'{Autriche}
45%
DEUXIEME 1146-1149 A Margraviat d'{Autriche}
45%
DEUXIEME 1146-1149 S Comté de {Savoie}
42%
QUATRIEME 1202-1204 S Comté de {Savoie}
42%
PREMIERE 1096-1099 P Etats {Pontificaux}
42%
DEUXIEME 1146-1149 P Etats {Pontificaux}
42%
CINQUIEME 1217-1221 P Etats {Pontificaux}
42%
HUITIEME 1270 E Royaume d'{Ecosse}
42%
PREMIERE 1096-1099 A Comté d'{Auvergne}
41%
DEUXIEME 1146-1149 A Comté d'{Auvergne}
41%
CINQUIEME 1217-1221 C Royaume de {Chypre}
41%
SEPTIEME 1248-1254 C Royaume de {Chypre}
41%
NEUVIEME 1271-1272 C Royaume de {Chypre}
41%
PREMIERE 1096-1099 L Duché de {Lorraine}
40%
DEUXIEME 1146-1149 L Duché de {Lorraine}
40%
TROISIEME 1189-1192 T Ordre {Teutonique}
40%
CINQUIEME 1217-1221 T Ordre {Teutonique}
40%
SIXIEME 1228-1229 T Ordre {Teutonique}
40%
SEPTIEME 1248-1254 T Ordre {Teutonique}
40%
NEUVIEME 1271-1272 T Ordre {Teutonique}
40%
CINQUIEME 1217-1221 C Empire latin de {Constantinople}
38%
HUITIEME 1270 N Royaume de {Navarre}
38%
DEUXIEME 1146-1149 B Duché de {Bohême}
37%
TROISIEME 1189-1192 B Duché de {Bohême}
37%
PREMIERE 1096-1099 P République de {Pise}
37%
TROISIEME 1189-1192 P République de {Pise}
37%
DEUXIEME 1146-1149 H Ordre de l'{Hôpital}
36%
TROISIEME 1189-1192 H Ordre de l'{Hôpital}
36%
CINQUIEME 1217-1221 H Ordre de l'{Hôpital}
36%
SIXIEME 1228-1229 H Ordre de l'{Hôpital}
36%
SEPTIEME 1248-1254 H Ordre de l'{Hôpital}
36%
NEUVIEME 1271-1272 H Ordre de l'{Hôpital}
36%
PREMIERE 1096-1099 H Comté de {Hainaut}
34%
QUATRIEME 1202-1204 H Comté de {Hainaut}
34%
DEUXIEME 1146-1149 B Comté de {Bar}
33%
SEPTIEME 1248-1254 A Comté d'{Artois}
32%
HUITIEME 1270 A Comté d'{Artois}
32%
TROISIEME 1189-1192 P Comté de {Poitou}
32%
SEPTIEME 1248-1254 P Comté de {Poitou}
32%
HUITIEME 1270 P Comté de {Poitou}
32%
PREMIERE 1096-1099 B Comté de {Blois}
30%
TROISIEME 1189-1192 B Comté de {Blois}
30%
QUATRIEME 1202-1204 B Comté de {Blois}
30%
PREMIERE 1096-1099 B Comté de {Boulogne}
30%
HUITIEME 1270 L Comté de {Luxembourg}
27%
NEUVIEME 1271-1272 L Comté de {Luxembourg}
27%
DEUXIEME 1146-1149 M Comté du {Maine}
26%
CINQUIEME 1217-1221 C Royaume de {Croatie}
26%
CINQUIEME 1217-1221 R Sultanat de {Roum}
26%
NEUVIEME 1271-1272 R Sultanat de {Roum}
26%
DEUXIEME 1146-1149 L Royaume de {Léon}
25%
DEUXIEME 1146-1149 S-S Chanoines du {Saint-Sépulcre}
23%
PREMIERE 1096-1099 V Comté de {Vermandois}
23%
TROISIEME 1189-1192 B Marche de {Brandebourg}
23%
TROISIEME 1189-1192 S-S Ordre de {Saint-Sépulcre}
23%
DEUXIEME 1146-1149 B Comté de {Barcelone}
22%
DEUXIEME 1146-1149 B Margraviat de {Bade}
21%
TROISIEME 1189-1192 B Margraviat de {Bade}
21%
PREMIERE 1096-1099 T Principauté de {Tarente}
21%
CINQUIEME 1217-1221 C Principauté de {Cologne}
19%
TROISIEME 1189-1192 H Comté de {Hollande}
18%
CINQUIEME 1217-1221 H Comté de {Hollande}
18%
CINQUIEME 1217-1221 T Landgraviat de {Thuringe}
18%
SEPTIEME 1248-1254 B Duché de {Bourbon}
18%
TROISIEME 1189-1192 T Landgraviat de {Thuringe}
18%
CINQUIEME 1217-1221 B Duché de {Brabant}
15%
TROISIEME 1189-1192 M Electorat de {Mayence}
15%
DEUXIEME 1146-1149 S-L Ordre de {Saint-Lazare}
15%
TROISIEME 1189-1192 S-L Ordre de {Saint-Lazare}
15%
SEPTIEME 1248-1254 S-L Ordre de {Saint-Lazare}
15%
CINQUIEME 1217-1221 F République de {Frise}
15%
DEUXIEME 1146-1149 S Duché de {Souabe}
14%
TROISIEME 1189-1192 S Duché de {Souabe}
14%
PREMIERE 1096-1099 C Duché de {Calabre}
12%
DEUXIEME 1146-1149 F Duché de {Franconie}
12%
DEUXIEME 1146-1149 C Principauté de {Cilicie}
12%
CINQUIEME 1217-1221 G Principauté de {Galicie}
12%
PREMIERE 1096-1099 C Royaume de {Cilicie}
12%
TROISIEME 1189-1192 C Royaume de {Cilicie}
12%
NEUVIEME 1271-1272 G Royaume de {Géorgie}
12%
PREMIERE 1096-1099 B-L Duché de {Basse-Lotharingie}
11%
TROISIEME 1189-1192 H Duché de {Holstein}
11%
TROISIEME 1189-1192 S-T Ordre de {Saint-Thomas}
11%
CINQUIEME 1217-1221 T Comté de {Tyrol}
10%
PREMIERE 1096-1099 V Comté de {Vendôme}
10%
TROISIEME 1189-1192 V Duché de {Vasconie}
10%
DEUXIEME 1146-1149 S Margraviat de {Styrie}
10%
PREMIERE 1096-1099 P-A Royaume de {Petite-Arménie}
10%
QUATRIEME 1202-1204 F Comté de {Forez}
8%
DEUXIEME 1146-1149 M Marquisat de {Montferrat}
7%
TROISIEME 1189-1192 M Marquisat de {Montferrat}
7%
QUATRIEME 1202-1204 M Marquisat de {Montferrat}
7%
CINQUIEME 1217-1221 R Comté de {Rodez}
5%
PREMIERE 1096-1099 P Diocèse du {Puy}
5%
PREMIERE 1096-1099 S-P Comté de {Saint-Pol}
4%
TROISIEME 1189-1192 S-P Comté de {Saint-Pol}
4%
QUATRIEME 1202-1204 S Comté de {Saint-Pol}
4%
CINQUIEME 1217-1221 P Principauté de {Passau}
4%
PREMIERE 1096-1099 C Comté de {Cerdagne}
3%
CINQUIEME 1217-1221 M Duché de {Méranie}
3%
TROISIEME 1189-1192 C Judicat de {Cagliari}
3%
DEUXIEME 1146-1149 T Vicomté de {Trencavel}
3%
DEUXIEME 1146-1149 M Ordre de {Montjoie}
1%
SEPTIEME 1248-1254 A Principauté d'{Achaye}
1%
CINQUIEME 1217-1221 C Principauté de {Blessarone}
1%
NEUVIEME 1271-1272 P A Royaume de {Petite Arméne}
1%
Aucun quiz correspondant
Distribution des résultats
% des personnes avec chaque résultat
Percentile par nombre de réponses
Votre historique - résultats
Vous n’avez pas pris ce quiz